Destinos del Aeropuerto Int. General E. Mosconi (Comodoro Rivadavia) - Estadísticas

Estadísticas generales
  • Esta prueba ha sido intentada 16 veces
    2 desde el último reinicio
  • La puntuación promedio es 7 de 10
Estadísticas de respuestas
Aerolíneas Destino % Correcto
Aerolíneas ArgentinasFlybondi JetSMART LADE Buenos Aires (AEP)
100%
Aerolíneas ArgentinasFlybondi Buenos Aires (EZE)
100%
Aerolíneas Argentinas Córdoba
100%
LADE El Calafate
100%
LADE Mar del Plata
100%
LADE Bahia Blanca
50%
Aerolíneas Argentinas Mendoza
50%
Aerolíneas Argentinas Neuquén
50%
LADE Perito Moreno
50%
LADE Rio Grande
0%
No se encontraron pruebas coincidentes
Distribución de puntuación
Porcentaje de gente con cada puntuación
Porcentaje por número respondido
Historial de tus puntuaciones
No has intentado esta prueba desde el último reinicio